<?xml version="1.0" encoding="UTF-8"?>
<record
    xmlns:xsi="http://www.w3.org/2001/XMLSchema-instance"
    xsi:schemaLocation="http://www.loc.gov/MARC21/slim http://www.loc.gov/standards/marcxml/schema/MARC21slim.xsd"
    xmlns="http://www.loc.gov/MARC21/slim">

  <leader>04461nam a2200493 a 4500</leader>
  <controlfield tag="001">dia_4702</controlfield>
  <controlfield tag="003">CHAP</controlfield>
  <controlfield tag="005">20241017184642.0</controlfield>
  <controlfield tag="007">ta</controlfield>
  <controlfield tag="008">220601s2010    mx abdofrm    001 0 spa d</controlfield>
  <datafield tag="040" ind1=" " ind2=" ">
    <subfield code="a">mxchpua</subfield>
    <subfield code="c">CHAP</subfield>
    <subfield code="e">rda</subfield>
  </datafield>
  <datafield tag="041" ind1="0" ind2=" ">
    <subfield code="a">spa</subfield>
    <subfield code="b">eng</subfield>
  </datafield>
  <datafield tag="090" ind1=" " ind2=" ">
    <subfield code="a">Tesis </subfield>
    <subfield code="b">C78 </subfield>
    <subfield code="c">2010</subfield>
  </datafield>
  <datafield tag="100" ind1="1" ind2=" ">
    <subfield code="a">Cruz Ayohua, Dionicio</subfield>
  </datafield>
  <datafield tag="240" ind1="1" ind2="0">
    <subfield code="a">Project Identification of Pests in rice (Oryza sativa spp) organic in the Palizada region, Campeche.</subfield>
    <subfield code="l">Espa&#xF1;ol</subfield>
  </datafield>
  <datafield tag="245" ind1="1" ind2="0">
    <subfield code="a">Proyecto identificaci&#xF3;n de plagas en el cultivo de arroz  (Oryza sativa spp.) org&#xE1;nico en la regi&#xF3;n Palizada, Campeche / </subfield>
    <subfield code="c">Dionicio Cruz Ayohua</subfield>
  </datafield>
  <datafield tag="264" ind1=" " ind2=" ">
    <subfield code="a">Chapingo, M&#xE9;xico :</subfield>
    <subfield code="b">El autor,</subfield>
    <subfield code="c">2010</subfield>
  </datafield>
  <datafield tag="300" ind1=" " ind2=" ">
    <subfield code="a">74 hojas :</subfield>
    <subfield code="b">ilustraciones, mapas, gr&#xE1;ficas, diagramas, tablas, fotos +</subfield>
    <subfield code="e">1 CD-ROM</subfield>
  </datafield>
  <datafield tag="336" ind1=" " ind2=" ">
    <subfield code="2">rdacontent</subfield>
    <subfield code="a">texto</subfield>
    <subfield code="b">txt</subfield>
  </datafield>
  <datafield tag="337" ind1=" " ind2=" ">
    <subfield code="2">rdamedia</subfield>
    <subfield code="a">no mediado</subfield>
    <subfield code="b">n</subfield>
  </datafield>
  <datafield tag="338" ind1=" " ind2=" ">
    <subfield code="2">rdacarrier</subfield>
    <subfield code="a">volumen</subfield>
    <subfield code="b">nc</subfield>
  </datafield>
  <datafield tag="500" ind1=" " ind2=" ">
    <subfield code="a">El CD contiene el reporte</subfield>
  </datafield>
  <datafield tag="502" ind1=" " ind2=" ">
    <subfield code="a">Tesis </subfield>
    <subfield code="b">(Ingeniero Agroindustrial) -- </subfield>
    <subfield code="c">UACh. Departamento de Ingenieria Agroindustrial, </subfield>
    <subfield code="d">2010</subfield>
  </datafield>
  <datafield tag="504" ind1=" " ind2=" ">
    <subfield code="a">Bibliograf&#xED;a: hojas 58-60</subfield>
  </datafield>
  <datafield tag="520" ind1="3" ind2=" ">
    <subfield code="a">El presente trabajo titulado "Proyecto Identificaci&#xF3;n de plagas en el cultivo de arroz (Oryza sativa spp.) Org&#xE1;nico en la regi&#xF3;n palizada, Campeche" contiene una descripci&#xF3;n general de la empresa Laguna Blanca S.P.R. de R.L., se&#xF1;ala en forma detallada los procesos que se llevan a cabo en el beneficio de arroz El proyecto est&#xE1; enfocado espec&#xED;ficamente en la identificaci&#xF3;n de las principales plagas que inciden en el cultivo de arroz org&#xE1;nico as&#xED; como en la observaci&#xF3;n del efecto que presentan los abonos org&#xE1;nicos que se implementan en la producci&#xF3;n de arroz. Se utilizaron herramientas vistas en el programa acad&#xE9;mico del Departamento de Ingenier&#xED;a Agroindustrial para hacer un diagnostico del estado actual, las herramientas que utilizaron fueron el An&#xE1;lisis FODA y Factorial. Tambi&#xE9;n se toma en cuenta que los productos org&#xE1;nicos que se est&#xE1;n elaborando en la empresa Laguna Blanca S.P.R. de R.L. implican la utilizaci&#xF3;n de los subproductos del beneficio de arroz (cascarilla, pulido, vanos, impurezas y ceniza), es decir se les da un valor agregado. Esto significa que los subproductos son reciclados al campo para contribuir al mejoramiento de la tierra y de esta forma obtener productos org&#xE1;nicos de buena calidad, con rendimientos aceptables y los costos de producci&#xF3;n disminuyen ya que no es necesaria la compra de algunos insumos para elaborar abonos que se incorporen al suelo. --</subfield>
  </datafield>
  <datafield tag="520" ind1="3" ind2=" ">
    <subfield code="a">The present work entitled "Project Identification of Pests in rice (Oryza sativa spp) organic in the Palizada region, Campeche" contains a general description of the company Laguna Blanca S.P.R. R.L., outlined in detail the processes taking place in the benefice of rice The project focuses specifically on identifying the main pests that affect the cultivation of organic rice as well as observation of the effect of organic fertilizers have implemented in the production of rice. View tools were used in the curriculum of Agroindustrial Engineering Department to make a diagnosis of current position; the tools used were the DAFO Analysis and Factorial.Also note that organic products are being developed in the company Laguna Blanca de S.P.R. de R.L. involve the use of the byproducts of the benefit of rice (husk, polishing, vain, impurity and ash), is given a value. This means that products are recycled into the field to contribute to the improvement of land and thus obtain good quality organic products with acceptable yields and lower production costs because it is not necessary to purchase some inputs to produce fertilizers are incorporated into the soil.</subfield>
  </datafield>
  <datafield tag="650" ind1="1" ind2="3">
    <subfield code="a">Arroz</subfield>
    <subfield code="x">Manejo de enfermedades y plagas  </subfield>
    <subfield code="2">atg</subfield>
  </datafield>
  <datafield tag="650" ind1="1" ind2="3">
    <subfield code="a">Arroz</subfield>
    <subfield code="x">Control de plagas  </subfield>
    <subfield code="2">atg</subfield>
  </datafield>
  <datafield tag="650" ind1="1" ind2="3">
    <subfield code="a">Biofertilizantes </subfield>
    <subfield code="2">atg</subfield>
  </datafield>
  <datafield tag="650" ind1="1" ind2="3">
    <subfield code="a">Rice</subfield>
    <subfield code="x">Disease and pest management</subfield>
    <subfield code="2">atg</subfield>
  </datafield>
  <datafield tag="650" ind1="1" ind2="3">
    <subfield code="a">Rice</subfield>
    <subfield code="x">Pest control  </subfield>
    <subfield code="2">atg</subfield>
  </datafield>
  <datafield tag="650" ind1="1" ind2="3">
    <subfield code="a">Biofertilizers</subfield>
    <subfield code="2">atg</subfield>
  </datafield>
  <datafield tag="700" ind1="1" ind2=" ">
    <subfield code="a">Ponce Hern&#xE1;ndez, Pedro</subfield>
    <subfield code="e">director</subfield>
  </datafield>
  <datafield tag="700" ind1="1" ind2=" ">
    <subfield code="a">Reyna Izaguirre, Diana Am&#xE9;rica</subfield>
    <subfield code="e">asesora</subfield>
  </datafield>
  <datafield tag="700" ind1="1" ind2=" ">
    <subfield code="a">Ascencio Rivera, J. Rogelio</subfield>
    <subfield code="e">asesor</subfield>
  </datafield>
  <datafield tag="856" ind1="4" ind2="1">
    <subfield code="u">http://10.13.5.2/tesis/112136.pdf</subfield>
    <subfield code="y">DESCARGAR PDF</subfield>
  </datafield>
  <datafield tag="901" ind1=" " ind2=" ">
    <subfield code="a">TESIS C78 2010</subfield>
  </datafield>
  <datafield tag="902" ind1=" " ind2=" ">
    <subfield code="a">M</subfield>
  </datafield>
  <datafield tag="905" ind1=" " ind2=" ">
    <subfield code="a">5232272010                          mx nmdl8223123322spa16</subfield>
  </datafield>
  <datafield tag="942" ind1=" " ind2=" ">
    <subfield code="c">TESIS</subfield>
    <subfield code="2">Clasificaci&#xF3;n Universidad Aut&#xF3;noma Chapingo</subfield>
  </datafield>
  <datafield tag="999" ind1=" " ind2=" ">
    <subfield code="c">209526</subfield>
    <subfield code="d">209526</subfield>
  </datafield>
  <datafield tag="952" ind1=" " ind2=" ">
    <subfield code="0">0</subfield>
    <subfield code="1">0</subfield>
    <subfield code="2">local</subfield>
    <subfield code="4">0</subfield>
    <subfield code="5">5</subfield>
    <subfield code="7">0</subfield>
    <subfield code="8">TESIS</subfield>
    <subfield code="a">IA_</subfield>
    <subfield code="b">IA_</subfield>
    <subfield code="d">2022-06-01</subfield>
    <subfield code="e">El autor</subfield>
    <subfield code="l">1</subfield>
    <subfield code="o">Tesis C78 2010</subfield>
    <subfield code="p">1101011822</subfield>
    <subfield code="r">2024-10-23 16:25:28</subfield>
    <subfield code="s">2024-10-23</subfield>
    <subfield code="t">Ej. 3</subfield>
    <subfield code="w">2022-06-01</subfield>
    <subfield code="y">CD</subfield>
  </datafield>
  <datafield tag="952" ind1=" " ind2=" ">
    <subfield code="0">0</subfield>
    <subfield code="1">0</subfield>
    <subfield code="2">local</subfield>
    <subfield code="4">0</subfield>
    <subfield code="5">1</subfield>
    <subfield code="7">0</subfield>
    <subfield code="8">TESIS</subfield>
    <subfield code="a">IA_</subfield>
    <subfield code="b">IA_</subfield>
    <subfield code="d">2022-06-01</subfield>
    <subfield code="e">El autor</subfield>
    <subfield code="l">0</subfield>
    <subfield code="o">Tesis C78 2010</subfield>
    <subfield code="p">1101004320</subfield>
    <subfield code="r">2026-02-02 00:00:00</subfield>
    <subfield code="t">Ej. 1</subfield>
    <subfield code="w">2022-06-01</subfield>
    <subfield code="y">TESIS</subfield>
  </datafield>
  <datafield tag="952" ind1=" " ind2=" ">
    <subfield code="0">0</subfield>
    <subfield code="1">0</subfield>
    <subfield code="2">local</subfield>
    <subfield code="4">0</subfield>
    <subfield code="5">1</subfield>
    <subfield code="7">0</subfield>
    <subfield code="8">TESIS</subfield>
    <subfield code="a">IA_</subfield>
    <subfield code="b">IA_</subfield>
    <subfield code="d">2022-06-01</subfield>
    <subfield code="e">El autor</subfield>
    <subfield code="l">0</subfield>
    <subfield code="o">Tesis C78 2010</subfield>
    <subfield code="p">1101004321</subfield>
    <subfield code="r">2022-06-01 00:00:00</subfield>
    <subfield code="t">Ej. 2</subfield>
    <subfield code="w">2022-06-01</subfield>
    <subfield code="y">CD</subfield>
  </datafield>
  <datafield tag="952" ind1=" " ind2=" ">
    <subfield code="0">0</subfield>
    <subfield code="1">0</subfield>
    <subfield code="2">local</subfield>
    <subfield code="4">0</subfield>
    <subfield code="7">0</subfield>
    <subfield code="8">TesDigL</subfield>
    <subfield code="a">IA_</subfield>
    <subfield code="b">IA_</subfield>
    <subfield code="c">E_L</subfield>
    <subfield code="d">2024-10-17</subfield>
    <subfield code="e">El autor</subfield>
    <subfield code="l">0</subfield>
    <subfield code="p">1201004320</subfield>
    <subfield code="r">2024-10-17 19:48:27</subfield>
    <subfield code="w">2024-10-17</subfield>
    <subfield code="y">TD</subfield>
  </datafield>
</record>
